| 000 | 00544nam a2200193Ia 4500 | ||
|---|---|---|---|
| 008 | 230125s9999 xx 000 0 und d | ||
| 020 | _a1-84112-224-6 | ||
| 041 | _aeng | ||
| 082 |
_a658.8 _bMAR |
||
| 100 |
_aMariotti J _9111031 |
||
| 245 | _aMarketing Express | ||
| 260 |
_c2002 _bCapstone publication _aLondon |
||
| 300 | _a116p | ||
| 440 |
_aEssential Management Thinking At Your Fingertips Series _9107434 |
||
| 500 | _aSeries Book;Marketing Series Book | ||
| 700 |
_aMariotti J _9111031 |
||
| 906 | _b24 | ||
| 999 |
_c88286 _d88286 |
||